| 000 | 00602nam a2200157Ia 4500 | ||
|---|---|---|---|
| 008 | 0000002004 usd 0000000000spa00 | ||
| 090 | _aPPR02 R61a | ||
| 100 | 1 |
_aRocheRabell, Arnaldo _d1955 |
|
| 245 | 1 | 0 |
_aArnaldo Roche _b: pintura, sobreviviendo demencia [Disco Compacto] |
| 300 | _a1 CD ROM bajo Windows ; 12 cm. | ||
| 600 | 0 | 0 |
_aROCHERABELL, ARNALDO, 1955 / _xTRABAJOS PICTORICOS |
| 650 | 1 | 4 | _aARTE CONTEMPORANEO PUERTORRIQUEÑO CDROM |
| 650 | 1 | 4 | _aPINTORES PUERTORRIQUEÑOS CDROM |
| 650 | 1 | 4 | _aPINTURA PUERTORRIQUEÑA CDROM |
| 999 |
_c8639 _d8639 |
||
| 260 |
_a<s.l.> : Latin American Masters _c2004 |
||